Mistrzowie polski w piłce nożnej - Statystyki

Ogólne statystyki
  • Ten quiz został rozwiązany 1 286 razy
    64 od ostatniego zresetowania
  • Średni wynik to 87 z 96
Statystyki odpowiedzi
Rok/Sezon Mistrz % Poprawnych
1955 Legia Warszawa
100%
1956 Legia Warszawa
100%
1968/69 Legia Warszawa
100%
1969/70 Legia Warszawa
100%
1993/94 Legia Warszawa
100%
1994/95 Legia Warszawa
100%
2001/02 Legia Warszawa
100%
2005/06 Legia Warszawa
100%
2012/13 Legia Warszawa
100%
2013/14 Legia Warszawa
100%
2015/16 Legia Warszawa
100%
2016/17 Legia Warszawa
100%
2017/18 Legia Warszawa
100%
2019/20 Legia Warszawa
100%
2020/21 Legia Warszawa
100%
1982/83 Lech Poznań
98%
1983/84 Lech Poznań
98%
1989/90 Lech Poznań
98%
1991/92 Lech Poznań
98%
1992/93 Lech Poznań
98%
2009/10 Lech Poznań
98%
2014/15 Lech Poznań
98%
2021/22 Lech Poznań
98%
2024/25 Lech Poznań
98%
2023/24 Jagiellonia Białystok
97%
1946 Polonia Warszawa
97%
1999/2000 Polonia Warszawa
97%
1927 Wisła Kraków
97%
1928 Wisła Kraków
97%
1949 Wisła Kraków
97%
1950 Wisła Kraków
97%
1977/78 Wisła Kraków
97%
1998/99 Wisła Kraków
97%
2000/01 Wisła Kraków
97%
2002/03 Wisła Kraków
97%
2003/04 Wisła Kraków
97%
2004/05 Wisła Kraków
97%
2007/08 Wisła Kraków
97%
2008/09 Wisła Kraków
97%
2010/11 Wisła Kraków
97%
2022/23 Raków Częstochowa
95%
1921 Cracovia
93%
1930 Cracovia
93%
1932 Cracovia
93%
1937 Cracovia
93%
1948 Cracovia
93%
1958 ŁKS
93%
1997/98 ŁKS
93%
1980/81 Widzew Łódź
93%
1981/82 Widzew Łódź
93%
1995/96 Widzew Łódź
93%
1996/97 Widzew Łódź
93%
1957 Górnik Zabrze
91%
1959 Górnik Zabrze
91%
1961 Górnik Zabrze
91%
1962/63 Górnik Zabrze
91%
1963/64 Górnik Zabrze
91%
1964/65 Górnik Zabrze
91%
1965/66 Górnik Zabrze
91%
1970/71 Górnik Zabrze
91%
1971/72 Górnik Zabrze
91%
1984/85 Górnik Zabrze
91%
1985/86 Górnik Zabrze
91%
1986/87 Górnik Zabrze
91%
1987/88 Górnik Zabrze
91%
1933 Ruch Chorzów
91%
1934 Ruch Chorzów
91%
1935 Ruch Chorzów
91%
1936 Ruch Chorzów
91%
1938 Ruch Chorzów
91%
1951 Ruch Chorzów
91%
1952 Ruch Chorzów
91%
1953 Ruch Chorzów
91%
1960 Ruch Chorzów
91%
1967/68 Ruch Chorzów
91%
1973/74 Ruch Chorzów
91%
1974/75 Ruch Chorzów
91%
1978/79 Ruch Chorzów
91%
1988/89 Ruch Chorzów
91%
1976/77 Śląsk Wrocław
91%
2011/12 Śląsk Wrocław
91%
2018/19 Piast Gliwice
88%
1990/91 Zagłębie Lubin
86%
2006/07 Zagłębie Lubin
86%
1972/73 Stal Mielec
69%
1975/76 Stal Mielec
69%
1922 Pogoń Lwów
67%
1923 Pogoń Lwów
67%
1925 Pogoń Lwów
67%
1926 Pogoń Lwów
67%
1954 Polonia Bytom
67%
1962 Polonia Bytom
67%
1979/80 Szombierki Bytom
57%
1929 Warta Poznań
57%
1947 Warta Poznań
57%
1931 Garbarnia Kraków
48%
Nie znaleziono quizów pasujących do podanych kryteriów
Rozkład punktacji
Procent ludzi z każdym wynikiem
Percentyl według liczby udzielonych odpowiedzi
Twoja historia wyników
Nie rozwiązałeś tego quizu od ostatniego zresetowania